| 000 | 00349nam a22001457a 4500 | ||
|---|---|---|---|
| 008 | 240326b ||||| |||| 00| 0 eng d | ||
| 020 | _a9789951550734 | ||
| 041 | _aSHQIP | ||
| 080 |
_22023 _a159.9 |
||
| 082 | _a159.9THA | ||
| 100 | _a25 | ||
| 101 | _aPSI | ||
| 245 |
_aPSIKOLOGJIA E TEKNOLOGJIES _cEMRUSH THAQI .BESARTA SADRIU |
||
| 942 |
_2udc _cBK |
||
| 999 |
_c60622 _d60622 |
||